| 000 | 00808pam a2200265 a 4500 | ||
|---|---|---|---|
| 003 | URS | ||
| 005 | 20230307111359.0 | ||
| 008 | 810617s1982 nyua b 001 0 eng | ||
| 020 |
_a0070410259 : _c$23.95 |
||
| 040 |
_aDLC _cDLC _dDLC |
||
| 050 | 0 | 0 |
_aTS155 _b.M4528 1982 |
| 100 | 1 | _aMayer, Raymond R. | |
| 245 | 1 | 0 |
_aProduction and operations management / _cRaymond R. Mayer. |
| 250 | _a4th ed. | ||
| 260 |
_aNew York : _bMcGraw-Hill, _cc1982. |
||
| 300 |
_axvii, 654 p. : _bill. ; _c24 cm. |
||
| 336 |
_2rdacontent _atext |
||
| 337 |
_2rdamedia _aunmediated |
||
| 338 |
_2rdacarrier _avolume |
||
| 440 | 0 | _aMcGraw-Hill series in management | |
| 504 | _aIncludes bibliographies and index. | ||
| 650 | 0 | _aProduction management. | |
| 906 |
_a7 _bcbc _corignew _d1 _eocip _f19 _gy-gencatlg |
||
| 942 |
_2lcc _cFR |
||
| 999 |
_c68469 _d68469 |
||